История стран Европы и Америки в Новое время: учебник: в 2 ч.
| Andere auteurs: | |
|---|---|
| Taal: | Russisch |
| Gepubliceerd in: |
Москва, Академия, 2011
|
| Reeks: | Высшее профессиональное образование. История |
| Formaat: | MixedMaterials Boek |
| KOHA link: | https://koha.lib.tpu.ru/cgi-bin/koha/opac-detail.pl?biblionumber=213091 |
MARC
| LEADER | 00000nam1a2200000 4500 | ||
|---|---|---|---|
| 001 | 213091 | ||
| 005 | 20231031193033.0 | ||
| 010 | |a 9785769560255 | ||
| 035 | |a (RuTPU)RU\TPU\book\232852 | ||
| 090 | |a 213091 | ||
| 100 | |a 20120405d2011 m y0rusy50 ca | ||
| 101 | 0 | |a rus | |
| 102 | |a RU | ||
| 200 | 1 | |a История стран Европы и Америки в Новое время |e учебник: в 2 ч. |f под ред. В. С. Бондарчука | |
| 210 | |a Москва |c Академия |d 2011 | ||
| 225 | 1 | |a Высшее профессиональное образование. История | |
| 702 | 1 | |a Бондарчук |b В. С. |g Валериан Семенович |4 340 | |
| 801 | 1 | |a RU |b 63413507 |c 20120405 | |
| 942 | |c BK | ||